[Event "Team junior-boys chess final 2017"]
[Site "Sochi"]
[Date "2017.05.10"]
[Round "9.3"]
[White "Sargsyan, Anatoly"]
[Black "Babayan, Arman S"]
[Result "1/2-1/2"]
[WhiteElo "1702"]
[BlackElo "1746"]
[PlyCount "117"]
[EventDate "2017.05.01"]

1. d4 Nf6 2. Nf3 d5 3. Bf4 e6 4. e3 Be7 5. h3 O-O 6. c3 Nbd7 7. Bd3 b6 8. Nbd2
Bb7 9. O-O c5 10. a4 a6 11. Qb1 Re8 12. Re1 cxd4 13. exd4 Nf8 14. Ne5 Ng6 15.
Bh2 Bd6 16. Ndf3 Ne4 17. Qc2 Nh4 18. Qe2 Nxf3+ 19. Qxf3 f6 20. Ng4 Bxh2+ 21.
Kxh2 e5 22. Qf5 Bc8 23. Qh5 Bxg4 24. hxg4 g6 25. Qh4 exd4 26. cxd4 Qd6+ 27. Kg1
Qf4 28. Bxe4 Rxe4 29. Rxe4 dxe4 30. Qh2 Qxh2+ 31. Kxh2 Rd8 32. Rd1 Rd5 33. Kg3
g5 34. f4 e3 35. fxg5 e2 36. Re1 fxg5 37. Rxe2 Rxd4 38. a5 Rd3+ 39. Kh2 bxa5
40. Re5 h6 41. Rxa5 Rd6 42. b4 Kg7 43. b5 axb5 44. Rxb5 Kg6 45. Kh3 Rd3+ 46.
Kh2 Rd6 47. Kh3 Rd3+ 48. Kh2 Rd6 49. Kh3 Rd3+ 50. Kh2 Rd6 51. Kh3 Rf6 52. Ra5
Rb6 53. Rc5 Rd6 54. Ra5 Rd3+ 55. Kh2 Rd6 56. Kh3 Rf6 57. Rb5 Rc6 58. Ra5 Re6
59. Rb5 1/2-1/2

[Event "Team junior-boys chess final 2017"]
[Site "Sochi"]
[Date "2017.05.10"]
[Round "9.3"]
[White "Terzyan, Nazar"]
[Black "Pristavka, Petr"]
[Result "1-0"]
[WhiteElo "1715"]
[BlackElo "1511"]
[PlyCount "267"]
[EventDate "2017.05.01"]

1. e4 c6 2. Nc3 d5 3. g3 dxe4 4. Nxe4 Bf5 5. Bg2 e6 6. d4 Nf6 7. Bg5 Be7 8.
Bxf6 Bxf6 9. Nxf6+ Qxf6 10. Nf3 Nd7 11. O-O h6 12. Re1 O-O 13. Qe2 Bh7 14. Rad1
Rad8 15. c3 Rfe8 16. Rd2 Qe7 17. Red1 Nb6 18. Ne5 f6 19. Nd3 Nc4 20. Rc2 e5 21.
Nb4 Bxc2 22. Qxc4+ Qf7 23. Qxf7+ Kxf7 24. Nxc2 exd4 25. Rxd4 Rxd4 26. Nxd4 Re1+
27. Bf1 Rb1 28. b3 g6 29. Kg2 Ke7 30. b4 Rc1 31. Bd3 f5 32. Ne2 Rd1 33. Bc4 g5
34. Nd4 Kf6 35. Nb3 b5 36. Be2 Rb1 37. Bf3 Rb2 38. Nd4 Rxa2 39. Bxc6 a6 40. Bd5
Ra3 41. Bb7 Rxc3 42. Bxa6 Rc4 43. Nxb5 Rxb4 44. Nc7 Ra4 45. Be2 Ke5 46. Nb5 Rb4
47. Na3 Kf6 48. Nc4 Ke6 49. Ne3 Re4 50. Bd3 Rb4 51. Bxf5+ Ke5 52. Bd3 Ra4 53.
Be2 Ke6 54. Bg4+ Kf7 55. Bh5+ Kf6 56. Nd5+ Ke5 57. Ne3 Kf6 58. Ng4+ Kg7 59. Ne3
Kf6 60. Bf3 Kf7 61. Bd5+ Kf6 62. Bf3 Kf7 63. g4 Kf6 64. Kg3 Kg6 65. Bd1 Rb4 66.
Bc2+ Kg7 67. Bf5 Ra4 68. Nc2 Kf6 69. Ne3 Kg7 70. Nd5 Ra5 71. Nc7 Ra7 72. Ne6+
Kf6 73. Nc5 Ra5 74. Ne4+ Kg7 75. Kf3 Ra3+ 76. Ke2 Ra2+ 77. Nd2 Kf6 78. Ke3 Ra3+
79. Bd3 Ra4 80. h3 Ra3 81. Kd4 Ra4+ 82. Bc4 Ra5 83. Ne4+ Kg7 84. Ng3 Kf6 85.
Nf5 Kg6 86. Bd3 Kh7 87. Ng3+ Kg7 88. Nh5+ Kf7 89. Bc4+ Kg6 90. Ng3 Kf6 91. Bd3
Kg7 92. Nf5+ Kh7 93. h4 Ra4+ 94. Bc4 Ra5 95. h5 Ra4 96. Ne3 Ra5 97. Bd3+ Kh8
98. f3 Kg8 99. Nd5 Ra1 100. Ke5 Kg7 101. Be4 Ra6 102. Ne3 Ra5+ 103. Bd5 Ra6
104. Nf5+ Kf8 105. Be6 Ra5+ 106. Kf6 Ra3 107. Nxh6 Rxf3+ 108. Bf5 Ra3 109. Kxg5
Ra6 110. Bg6 Ra5+ 111. Nf5 Kg8 112. h6 Kh8 113. Kh5 Kg8 114. g5 Kh8 115. Nh4
Kg8 116. Bf5 Kh8 117. g6 Kg8 118. Kg4 Ra4+ 119. Kg3 Ra3+ 120. Nf3 Ra6 121. Nd4
Ra3+ 122. Kf4 Ra7 123. Be6+ Kh8 124. Bf5 Kg8 125. Ne6 Rh7 126. gxh7+ Kh8 127.
Bg4 Kxh7 128. Kg5 Kh8 129. Nf4 Kh7 130. Bf5+ Kh8 131. h7 Kg7 132. Nd3 Kh8 133.
Ne5 Kg7 134. Nf7 1-0

[Event "Team junior-boys chess final 2017"]
[Site "Sochi"]
[Date "2017.05.10"]
[Round "9.3"]
[White "Gubarev, Vladislav"]
[Black "Kalaychev, Nodis"]
[Result "1-0"]
[WhiteElo "1399"]
[BlackElo "1490"]
[PlyCount "75"]
[EventDate "2017.05.01"]

1. d4 f5 2. c4 d6 3. Nf3 Nf6 4. e3 g6 5. Be2 Bg7 6. O-O O-O 7. Nc3 c6 8. b3 Qe8
9. Bb2 e5 10. dxe5 dxe5 11. Qc2 e4 12. Nd4 a6 13. b4 g5 14. a4 Qg6 15. b5 c5
16. Nb3 b6 17. a5 Nbd7 18. axb6 Bb7 19. Nd5 Nxd5 20. Bxg7 Nxe3 21. fxe3 Qxg7
22. Na5 Nxb6 23. Nxb7 Qxb7 24. bxa6 Rxa6 25. Qb2 Rxa1 26. Rxa1 Rb8 27. Qf6 Qg7
28. Qe6+ Kh8 29. Rb1 Qg6 30. Qe5+ Kg8 31. Qxb8+ Kg7 32. Rxb6 Qxb6 33. Qxb6 h6
34. Bh5 Kg8 35. Qe6+ Kh8 36. Qf7 f4 37. Bg6 fxe3 38. Qf8# 1-0

[Event "Team junior-boys chess final 2017"]
[Site "Sochi"]
[Date "2017.05.10"]
[Round "9.4"]
[White "Shubin, Kirill"]
[Black "Kuzmin, Roman"]
[Result "1-0"]
[WhiteElo "2287"]
[BlackElo "1806"]
[PlyCount "73"]
[EventDate "2017.05.01"]

1. e4 e5 2. Nf3 Nc6 3. Bb5 a6 4. Ba4 d6 5. c3 Bd7 6. O-O Nf6 7. Re1 g6 8. d4 b5
9. Bb3 Bg7 10. h3 O-O 11. a4 h6 12. Nbd2 Kh8 13. Nf1 Rb8 14. axb5 axb5 15. Ng3
Ng8 16. dxe5 Nxe5 17. Nxe5 dxe5 18. Be3 Qe7 19. Ra7 Bc6 20. Qg4 Rfd8 21. Rea1
Nf6 22. Qh4 Kh7 23. R1a6 Bb7 24. Rxb7 Rxb7 25. Bxh6 Bxh6 26. Rxf6 c5 27. Nf5
Qf8 28. Bxf7 gxf5 29. Bg6+ Kg7 30. Rxf8 Rxf8 31. Bxf5 Rh8 32. Qg3+ Kf8 33. Qxe5
Bg7 34. Qxc5+ Re7 35. Qxb5 Rh6 36. f4 Rd6 37. Qb8+ 1-0

[Event "Team junior-boys chess final 2017"]
[Site "Sochi"]
[Date "2017.05.10"]
[Round "9.4"]
[White "Gavrilin, Roman"]
[Black "Zemnitskiy, Alexander"]
[Result "1/2-1/2"]
[WhiteElo "1668"]
[BlackElo "2010"]
[PlyCount "129"]
[EventDate "2017.05.01"]

1. e4 c5 2. Nf3 d6 3. d4 cxd4 4. Nxd4 Nf6 5. Nc3 a6 6. g3 e5 7. Nde2 Be7 8. Bg2
b5 9. Nd5 Bb7 10. Nec3 Nbd7 11. O-O O-O 12. a4 Nxd5 13. Nxd5 Bxd5 14. exd5 b4
15. a5 Nc5 16. Be3 Qc7 17. Qd2 Rab8 18. Bxc5 Qxc5 19. Rfc1 h6 20. Qe3 Qc7 21.
Qd3 Bg5 22. Rd1 Rb5 23. Bf1 Rxa5 24. Rxa5 Qxa5 25. Qxa6 Qxa6 26. Bxa6 Ra8 27.
Bc4 f5 28. Kg2 e4 29. Kf1 Bf6 30. Rb1 g5 31. Ke2 Kf7 32. h3 h5 33. Ke3 Be5 34.
Be2 g4 35. hxg4 hxg4 36. Bc4 Kg6 37. Bb3 Ra7 38. Bc4 Kg5 39. Bb3 Re7 40. Bc4
f4+ 41. gxf4+ Bxf4+ 42. Ke2 Rc7 43. Bb3 Rh7 44. Rg1 Rh2 45. Kf1 Be5 46. Rg2
Rh1+ 47. Rg1 Rh3 48. Ke2 Bxb2 49. Ba4 Rh7 50. Ke3 Kf5 51. Bb5 Rh3+ 52. Ke2 Kf4
53. Bd7 Rh4 54. Rg3 Bd4 55. Rg2 Bc5 56. Be6 Ke5 57. Rxg4 Rxg4 58. Bxg4 Kxd5 59.
f3 e3 60. Bf5 Kc4 61. Bh7 Kc3 62. Bg6 d5 63. Bh7 d4 64. Bg6 Bd6 65. Bh7 1/2-1/2

[Event "Team junior-boys chess final 2017"]
[Site "Sochi"]
[Date "2017.05.10"]
[Round "9.4"]
[White "Postnikov, Roman"]
[Black "Dotsenko, Makar"]
[Result "1/2-1/2"]
[WhiteElo "2082"]
[BlackElo "1462"]
[PlyCount "106"]
[EventDate "2017.05.01"]

1. d4 d5 2. c4 e6 3. Nf3 Nf6 4. g3 Bb4+ 5. Bd2 Bd6 6. Bg2 c6 7. O-O Nbd7 8. Na3
Qe7 9. Qb3 Ne4 10. Rac1 Nxd2 11. Nxd2 b6 12. cxd5 cxd5 13. Nb5 O-O 14. e4 Bb4
15. Rfd1 Ba6 16. a4 Bxb5 17. axb5 Bxd2 18. Rxd2 dxe4 19. Bxe4 Rac8 20. Rdc2
Rxc2 21. Qxc2 Nf6 22. Bc6 Rd8 23. Qc4 h6 24. Ra1 Rc8 25. Qd3 Rc7 26. f3 Qd6 27.
Ra4 Nd5 28. Qd2 Ne7 29. Be4 Rd7 30. Rc4 Rc7 31. Qc3 Rxc4 32. Qxc4 e5 33. dxe5
Qxe5 34. Qd3 Qc7 35. Qc3 Qc5+ 36. Qxc5 bxc5 37. Kf2 Kf8 38. Ke3 Ke8 39. Kd3 Kd7
40. Kc4 Kd6 41. h4 g5 42. h5 Nc8 43. Bb7 Nb6+ 44. Kc3 Ke5 45. Kd3 f5 46. b3 Ke6
47. Bc6 Kf6 48. Be8 Ke6 49. Bg6 Ke5 50. Bf7 Kd6 51. Kc3 Ke5 52. Bg8 g4 53. fxg4
fxg4 1/2-1/2

[Event "Team junior-boys chess final 2017"]
[Site "Sochi"]
[Date "2017.05.10"]
[Round "9.4"]
[White "Kopylov, Artem"]
[Black "Ismagilov, Damir"]
[Result "0-1"]
[WhiteElo "1481"]
[BlackElo "2132"]
[PlyCount "102"]
[EventDate "2017.05.01"]

1. d4 d5 2. c4 dxc4 3. e3 e5 4. Bxc4 exd4 5. exd4 Nf6 6. Nf3 Be7 7. O-O O-O 8.
Nc3 Bg4 9. Be2 Nbd7 10. Bf4 Nb6 11. h3 Bh5 12. Re1 Nbd5 13. Bh2 c6 14. a3 Bd6
15. Ne5 Bxe2 16. Rxe2 Qc7 17. f4 Rad8 18. Qd2 Qb6 19. Nc4 Qa6 20. Nxd6 Rxd6 21.
Rae1 Nxc3 22. Qxc3 Qb6 23. Qc5 Rxd4 24. Qxb6 axb6 25. Re7 Rd7 26. Rxd7 Nxd7 27.
Re7 Rd8 28. f5 Nc5 29. b4 Kf8 30. Rc7 Ne4 31. Kf1 Rd5 32. Rxb7 Rxf5+ 33. Ke2 b5
34. Ke3 Nc3 35. Kd4 Nb1 36. Rc7 Rd5+ 37. Ke4 f5+ 38. Kf4 Nxa3 39. Rxc6 Kf7 40.
Bg1 Nc4 41. Rc7+ Kf6 42. Rc6+ Nd6 43. Bc5 g5+ 44. Kf3 Ke5 45. Rb6 Ne4 46. Rxb5
h5 47. Rb8 g4+ 48. hxg4 hxg4+ 49. Ke2 Kf4 50. Be3+ Kg3 51. Rf8 Nc3+ 0-1

[Event "Team junior-boys chess final 2017"]
[Site "Sochi"]
[Date "2017.05.10"]
[Round "9.5"]
[White "Kirushin, Ivan"]
[Black "Nesterov, Arseniy"]
[Result "0-1"]
[WhiteElo "1640"]
[BlackElo "2324"]
[PlyCount "80"]
[EventDate "2017.05.01"]

1. d4 Nf6 2. Nf3 e6 3. e3 b6 4. Bd3 Bb7 5. c4 c5 6. O-O Be7 7. Nc3 cxd4 8. exd4
d5 9. cxd5 Nxd5 10. Ne5 O-O 11. Qh5 Nf6 12. Qh4 Nc6 13. Ng4 g6 14. Bg5 Nxg4 15.
Bxe7 Qxe7 16. Qxg4 Rad8 17. Ne2 Qf6 18. Be4 Ba8 19. Bxc6 Bxc6 20. Rfd1 Rd6 21.
Rd2 Rfd8 22. Rad1 e5 23. h4 h5 24. Qg5 Qxg5 25. hxg5 Rd5 26. g3 Kf8 27. f4 exf4
28. gxf4 Rf5 29. Kh2 Re8 30. d5 Rxd5 31. Rxd5 Rxe2+ 32. Kg3 Bxd5 33. Rxd5 Rxb2
34. a4 Rb3+ 35. Kg2 Rb4 36. a5 Rxf4 37. axb6 axb6 38. Rb5 Rf5 39. Rxb6 Rxg5+
40. Kf3 Kg7 0-1

[Event "Team junior-boys chess final 2017"]
[Site "Sochi"]
[Date "2017.05.10"]
[Round "9.5"]
[White "Tsoi, Dmitry"]
[Black "Goncharova, Sofiya"]
[Result "1-0"]
[WhiteElo "2305"]
[BlackElo "1034"]
[PlyCount "51"]
[EventDate "2017.05.01"]

1. e4 e5 2. Nf3 Nc6 3. Bb5 Nf6 4. d3 d6 5. c3 a6 6. Ba4 b5 7. Bc2 Bg4 8. O-O
Be7 9. Nbd2 O-O 10. Re1 d5 11. exd5 Qxd5 12. h3 Bh5 13. Qe2 Rad8 14. Ne4 b4 15.
Bg5 Qe6 16. Ng3 Bxf3 17. Qxf3 h6 18. Bb3 Qd6 19. Nf5 Qxd3 20. Re3 Qd7 21. Nxh6+
Kh7 22. Bc2+ Kh8 23. Bxf6 Bxf6 24. Qh5 g6 25. Nxf7+ Kg7 26. Qxg6# 1-0